TBMM CHP Grubu 22. dönem 1. yasama yılı çalışmalarının sayısal değerlendirmesi (Record no. 7671)

MARC details
000 -BAŞLIK
Sabit Uzunlukta Kontrol Alanı 00867na a2200229 4500
001 - KONTROL NUMARASI
Denetim Alanı 14725
003 - KONTROL NUMARASI IDENTIFIER
Denetim Alanı MIRAKIL
005 - SON İŞLEM TARİHİ VE ZAMANI
Denetim Alanı 20181213155146.0
008 - SABİT-BOY VERİ ELEMANLARI - GENEL BİLGİLER
Sabit Uzunlukta Kontrol Alanı 160918b tu 000 0
035 ## - SİSTEM KONTROL NUMARASI
Sistem Kontrol Numarası 14725
040 ## - KATALOGLAMA KAYNAK
Orijinal Kataloglama Ajansı Milas
Kataloglama Dili tur
Metne Dönüştürmek Ajansı TR-AnCHP
082 ## - DEWEY ONLU SINIFLANDIRMA NUMARASI
Sınıflandırma Numarası CHP 351.00352 22/1
Ürün Numarası C36y 2003
090 ## - SINIFLAMA NUMARASI
Sınıflama Numarası CHP 351.00352 22/1 C36y 2003
110 ## - ANA GİRİŞ - KURUMSAL ADI
Giriş Elemanı Olarak Kurumsal Ad Veya Yargı Alanı Adı Cumhuriyet Halk Partisi Grup Başkanlığı
245 ## - BAŞLIK TABLOSU
Başlık TBMM CHP Grubu 22. dönem 1. yasama yılı çalışmalarının sayısal değerlendirmesi
Başlığın Kalan (Ağustos 2003)
Sorumluluk Tablosu, Vb CHP Grup Başkanlığı
260 ## - YAYIN, DAĞITIM, VB
Yayın, Dağıtım, Vb Yeri Ankara
Yayıncı, Dağıtıcı, Vs Adı CHP Grup Başkanlığı
Yayın, Dağıtım, Vb Tarihi 2003
300 ## - FİZİKSEL TANIM
Kapsam 79 s.
Diğer Fiziksel Ayrıntıları rnkl., fotg., grf., tbl.
Boyutlar 19 sm.
610 ## - KONU KATMA GİRİŞ - TOPLANTI ADI
Giriş Elemanı Olarak Kurumsal Ad Veya Yargı Alanı Adı CHP
Genel Alt Bölüm Meclis çalışmaları
Kronolojik Alt Bölüm 22. Dönem, 1.Yasama
650 ## - KONU KATMA GİRİŞ - TOPİKAL DÖNEM
Topikal Süreli Veya Coğrafi Ad Giriş Elemanı Siyasal partiler
Genel Alt Bölümü CHP
Kronolojik Alt Bölümü Grup çalışmaları
Coğrafi Alt Bölümü Türkiye
650 ## - KONU KATMA GİRİŞ - TOPİKAL DÖNEM
Topikal Süreli Veya Coğrafi Ad Giriş Elemanı Siyasal parti grup çalışmaları
Genel Alt Bölümü CHP
Coğrafi Alt Bölümü Türkiye
942 ## - EKLENDİ GİRİŞ ELEMANLARI (KOHA)
Sınıflandırma Veya Raf Düzeni Kaynak Dewey Decimal Classification
Koha Öğesi Türü Books
999 ## - SİSTEM KONTROL NUMARALARI (KOHA)
Koha Biblionumber 7671
Koha Biblioitemnumber 7671
Holdings
Kalıcı Konum Mevcut Konum Edinme Tarihi Edinim Kaynak Toplam Check-Out'Lar Tam Çağrı Numarası Barkod Tarih Son Görülme İtibaren Geçerli Fiyatlar Koha Öğesi Türü Kopya Sayısı
CHP Kütüphanesi CHP Kütüphanesi 08/31/2016 Bağış   CHP 351.00352 22/1 C36y 2003 002380 08/31/2016 08/31/2016 Books  
CHP Kütüphanesi CHP Kütüphanesi 08/31/2016 Bağış   CHP 351.00352 22/1 C36y 2003 002381 08/31/2016 08/31/2016 Books k.2
CHP Kütüphanesi CHP Kütüphanesi 08/31/2016 Bağış   CHP 351.00352 22/1 C36y 2003 002382 08/31/2016 08/31/2016 Books k.3
CHP Kütüphanesi CHP Kütüphanesi 08/31/2016 Bağış   CHP 351.00352 22/1 C36y 2003 002383 08/31/2016 08/31/2016 Books k.4
CHP Kütüphanesi CHP Kütüphanesi 08/31/2016 Bağış   CHP 351.00352 22/1 C36y 2003 002384 08/31/2016 08/31/2016 Books k.5
CHP Kütüphanesi CHP Kütüphanesi 10/21/2016 Bağış   CHP 351.00352 22/1 C36y 2003 007500 10/21/2016 10/21/2016 Books k.6